Bytový dom

Guardado en:
Detalles Bibliográficos
Autor principal: Gyurkovicsová, Vivien (Autor)
Otros Autores: Hulínová, Zdenka (Orientador)
Formato: Manuscrito Libro
Lenguaje:eslovaco
Publicado: 2021
Materias:
Acceso en línea:http://is.stuba.sk/zp/portal_zp.pl?podrobnosti=165981
https://opac.crzp.sk/?fn=detailBiblioForm&sid=C5B0443D08DFEDB2320F0E49A386
Etiquetas: Agregar Etiqueta
Sin Etiquetas, Sea el primero en etiquetar este registro!

MARC

LEADER 00000ntm a22000003a 4500
001 stuzp85023
003 SK-STU
005 20230512105348.8
007 ta
008 150427s2015----xo-----f-mn---000-0-slo-d
040 |a STU  |b slo 
041 0 |a slo 
100 1 |a Gyurkovicsová, Vivien  |u 010270  |4 aut  |U SvF Stavebná fakulta  |T SvF Katedra technológie stavieb  |X 87290  |U V270  |Y 28  |7 87290 
242 0 1 |a Residential House  |y eng 
245 1 0 |a Bytový dom 
260 |c 2021 
650 4 |a bytový dom  |2 slo 
650 4 |a plochá strecha  |2 slo 
650 4 |a projekt organizácie výstavby  |2 slo 
650 4 |a flat roof  |2 eng 
650 4 |a building organisation project  |2 eng 
650 4 |a residential house  |2 eng 
700 1 |a Hulínová, Zdenka  |u 010270  |k Z1  |4 ths  |U SvF Stavebná fakulta  |T SvF Katedra technológie stavieb  |X 853  |U V270  |Y 28  |7 A000000853 
856 4 |u http://is.stuba.sk/zp/portal_zp.pl?podrobnosti=165981 
856 4 |u https://opac.crzp.sk/?fn=detailBiblioForm&sid=C5B0443D08DFEDB2320F0E49A386